[Event "Florianopolis op 10th"]
[Site "Florianopolis"]
[Date "2024.01.21"]
[Round "2"]
[White "Ruvieri, Valter"]
[Black "Cunha, Rodrigo Azalim"]
[Result "0-1"]
[WhiteElo "1067"]
[BlackElo "1540"]
[PlyCount "56"]
[EventDate "2024.01.20"]
[EventType "swiss"]
[EventRounds "10"]
[EventCountry "BRA"]
[SourceTitle "CB05_2024"]
[SourceDate "2024.01.31"]
[SourceVersion "1"]
[SourceVersionDate "2024.01.31"]
[SourceQuality "1"]

1. e4 c5 2. Nf3 d6 3. Bc4 Nf6 4. Nc3 Nc6 5. 0-0 Bg4 6. h3 Bh5 7. Be2 e6 8. Nh2 Bg6 9. d3 Be7 10. Bf3 Nd4 11. Re1 0-0 12. Be3 Nxf3+ 13. Qxf3 d5 14. Bd2 dxe4 15. Nxe4 Nxe4 16. Rxe4 Bxe4 17. Qxe4 Bf6 18. Rb1 Qd5 19. Qg4 Qxa2 20. Re1 Qxb2 21. Bg5 Bxg5 22. Qxg5 Qxc2 23. Ng4 Qxd3 24. Nf6+ Kh8 25. Re5 Qg6 26. Qxg6 hxg6 27. Nd7 Rfc8 28. Nxc5 f6 0-1

[Event "Criciuma op-B"]
[Site "Criciuma"]
[Date "2024.01.18"]
[Round "9"]
[White "Lessa, Francisco Adilio"]
[Black "Cunha, Rodrigo Azalim"]
[Result "1-0"]
[WhiteElo "1448"]
[BlackElo "1540"]
[PlyCount "69"]
[EventDate "2024.01.12"]
[EventType "swiss"]
[EventRounds "9"]
[EventCountry "BRA"]
[SourceTitle "CB04_2024"]
[SourceDate "2023.10.16"]
[SourceVersion "1"]
[SourceVersionDate "2023.10.16"]
[SourceQuality "1"]

1. e4 c5 2. Nf3 d6 3. d4 cxd4 4. Nxd4 Nf6 5. Nc3 g6 6. Be3 Bg7 7. f3 0-0 8. Qd2 Nc6 9. Bc4 Bd7 10. 0-0-0 Rc8 11. Bb3 Ne5 12. h4 h5 13. Bh6 Nc4 14. Bxc4 Rxc4 15. Bxg7 Kxg7 16. g4 Qa5 17. gxh5 Nxh5 18. Rdg1 Rfc8 19. Rg5 e5 20. Rxh5 gxh5 21. Rg1+ Kf8 22. Qh6+ Ke7 23. Nd5+ Qxd5 24. exd5 exd4 25. Re1+ Kd8 26. Qf6+ Kc7 27. Qxf7 Rd8 28. f4 b5 29. f5 b4 30. b3 Rc5 31. Kd2 Ra5 32. f6 Rxa2 33. Qg7 Kb6 34. f7 Bf5 35. f8Q 1-0

[Event "Criciuma op-B"]
[Site "Criciuma"]
[Date "2024.01.13"]
[Round "2"]
[White "Cunha, Rodrigo Azalim"]
[Black "Dos Santos, Felipe Gabriel"]
[Result "0-1"]
[WhiteElo "1540"]
[BlackElo "1207"]
[PlyCount "74"]
[EventDate "2024.01.12"]
[EventType "swiss"]
[EventRounds "9"]
[EventCountry "BRA"]
[SourceTitle "CB04_2024"]
[SourceDate "2023.10.16"]
[SourceVersion "1"]
[SourceVersionDate "2023.10.16"]
[SourceQuality "1"]

1. e4 c5 2. Nc3 e6 3. g3 Nc6 4. Bg2 Nf6 5. d3 Qb6 6. Rb1 d6 7. Be3 Qc7 8. h3 a6 9. Qd2 b5 10. f4 Be7 11. Nf3 b4 12. Ne2 Bb7 13. 0-0 Rd8 14. f5 exf5 15. exf5 Ne5 16. g4 Nxf3+ 17. Bxf3 Nd7 18. Bg5 Ne5 19. Bxb7 Qxb7 20. Bxe7 Qxe7 21. Rbe1 Qh4 22. d4 cxd4 23. Nxd4 0-0 24. Kg2 h5 25. Nf3 Nxf3 26. Rxf3 hxg4 27. hxg4 Rc8 28. Rg3 Qf6 29. c3 bxc3 30. Rxc3 Rc5 31. Rxc5 dxc5 32. Rc1 Rd8 33. Qc2 Rd4 34. Qxc5 Rxg4+ 35. Kf3 Qh4 36. Qc8+ Kh7 37. Rh1 Rg3+ 0-1